000 00152nam a22000857a 4500
082 _a823
100 _aLITA JACOB
245 _aTHE JUMBO SAFARI
942 _cBK
999 _c8249
_d8249